|
|
|
|
| LEADER |
01081nam a22002897a 4500 |
| 001 |
36769 |
| 003 |
BD-DhAAL |
| 005 |
20191209114129.0 |
| 008 |
191209t2002 ii a|||| b||| 00| 0 eng d |
| 999 |
|
|
|c 42022
|d 42022
|
| 020 |
|
|
|a 8190106082
|
| 040 |
|
|
|a BD-DhAAL
|
| 082 |
|
|
|a 330.156
|
| 100 |
|
|
|a Sweezy, Paul M.
|9 38119
|
| 245 |
|
|
|a Essays on Keynesian economics and crisis of capitalism /
|c Paul M Sweezy
|
| 250 |
|
|
|a First edition
|
| 260 |
|
|
|a Kharagpur, India :
|b Cornerstone Publications,
|c 2002
|
| 300 |
|
|
|a 128 pages :
|b illustrations ;
|c 21 cm
|
| 504 |
|
|
|a Includes bibliographical references.
|
| 526 |
|
|
|a ESS
|
| 541 |
|
|
|a Complimentary copy from Professor Dr. Nasreen Khundker
|e 36769
|
| 650 |
|
|
|a Keynesian economics.
|9 38120
|
| 650 |
|
|
|a Capitalism.
|9 38121
|
| 650 |
|
|
|a Economics.
|9 38122
|
| 852 |
|
|
|a Ayesha Abed Library
|c General Stacks
|
| 942 |
|
|
|2 ddc
|c BK
|
| 952 |
|
|
|0 0
|1 0
|2 ddc
|4 0
|6 330_156000000000000_SWE
|7 0
|9 67399
|a BRACUL
|b BRACUL
|c GEN
|d 2019-12-09
|e Complimentary copy from Professor Dr. Nasreen Khundker
|l 0
|o 330.156 SWE
|p 3010036769
|r 2019-12-09
|t 1
|w 2019-12-09
|y BK
|